[Event "Aragon-chT Autonomico"]
[Site "Aragon"]
[Date "2007.03.24"]
[Round "9"]
[White "Cortes Lizano, Jesus"]
[Black "Anglada Lobarte, Jose Andres"]
[Result "1-0"]
[WhiteElo "2154"]
[BlackElo "2229"]
[PlyCount "57"]
[EventDate "2007.01.27"]
[EventType "team"]
[EventRounds "9"]
[EventCountry "ESP"]
[SourceTitle "EXT 2008"]
[Source "ChessBase"]
[SourceDate "2007.11.25"]
[SourceVersion "1"]
[SourceVersionDate "2007.11.25"]
[SourceQuality "1"]
[WhiteTeam "St Casablanca II"]
[BlackTeam "CAI Olivar"]
[WhiteTeamCountry "ESP"]
[BlackTeamCountry "ESP"]

1. c4 c6 2. Nf3 d5 3. e3 e6 4. Be2 f5 5. b3 Nf6 6. Bb2 Bd6 7. d3 0-0 8. Nbd2 Nbd7 9. Nd4 Qe7 10. cxd5 Nxd5 11. 0-0 Rf6 12. g3 Rh6 13. Nc4 Bc7 14. e4 fxe4 15. dxe4 Nf4 16. Bf3 Nf8 17. e5 Qg5 18. Ne2 Nh3+ 19. Kh1 Qf5 20. Nd4 Qf7 21. Bc1 g5 22. Qe2 Ng6 23. Bg2 c5 24. Nf3 Qf5 25. Ne3 Qf8 26. Ng4 b6 27. Nxg5 Ngf4 28. Nxh6+ Qxh6 29. gxf4 1-0

[Event "ESP Autonomico-chT"]
[Site "Spain"]
[Date "2006.02.25"]
[Round "4.28"]
[White "Gayan Carceller, Miguel Angel"]
[Black "Anglada Lobarte, Jose Andres"]
[Result "1/2-1/2"]
[WhiteElo "1934"]
[BlackElo "2229"]
[PlyCount "131"]
[EventDate "2006.02.04"]
[EventType "team"]
[EventRounds "9"]
[EventCountry "ESP"]
[SourceTitle "EXT 2007"]
[Source "ChessBase"]
[SourceDate "2006.11.23"]
[SourceVersion "1"]
[SourceVersionDate "2006.11.23"]
[SourceQuality "1"]

1. d4 d5 2. Nf3 c6 3. c3 g6 4. Bf4 Bg7 5. Nbd2 Nf6 6. e3 Nh5 7. Bxb8 Rxb8 8. Bd3 f5 9. 0-0 Qd6 10. Qc2 0-0 11. Rac1 h6 12. Be2 g5 13. Ne5 Nf6 14. f3 Nd7 15. Nxd7 Bxd7 16. f4 g4 17. Nb3 b6 18. Rcd1 Rfc8 19. Qd3 e6 20. Qb1 Bf8 21. Nc1 c5 22. Nd3 c4 23. Ne5 Be8 24. g3 b5 25. a3 a5 26. Qc2 b4 27. axb4 axb4 28. Ra1 Ra8 29. Rfb1 Qb8 30. Qc1 Qb7 31. Bd1 Rcb8 32. Rxa8 Rxa8 33. Ra1 Rb8 34. Bc2 Bd6 35. Ba4 Bxa4 36. Rxa4 bxc3 37. bxc3 Qb1 38. Qxb1 Rxb1+ 39. Kf2 Bxe5 40. fxe5 Rb3 41. Ra6 Rxc3 42. Rxe6 Rc2+ 43. Ke1 Rxh2 44. Rd6 Rg2 45. Rxd5 Rxg3 46. Kf2 Rf3+ 47. Ke2 f4 48. exf4 Rxf4 49. Ke3 Rf3+ 50. Ke2 Kf7 51. Rc5 c3 52. d5 Rf5 53. e6+ Kf6 54. Kd3 g3 55. e7 Rf3+ 56. Ke2 Rf2+ 57. Ke1 Kxe7 58. Rxc3 Rf5 59. Rxg3 Rxd5 60. Kf2 Kf6 61. Kf3 Kf5 62. Kg2 h5 63. Kh3 Rd1 64. Rf3+ Kg5 65. Ra3 Rh1+ 66. Kg2 1/2-1/2

[Event "Aragon-chT"]
[Site "Spain"]
[Date "2004.03.13"]
[Round "7.2"]
[White "Alonso Gracia, Antonio"]
[Black "Anglada Lobarte, Jose Andres"]
[Result "1-0"]
[WhiteElo "2092"]
[BlackElo "2239"]
[PlyCount "61"]
[EventDate "2004.01.??"]
[EventType "team"]
[EventRounds "11"]
[EventCountry "ESP"]
[SourceTitle "EXT 2006"]
[Source "ChessBase"]
[SourceDate "2005.11.24"]
[SourceVersion "1"]
[SourceVersionDate "2005.11.24"]
[SourceQuality "1"]

1. d4 d5 2. c4 c6 3. cxd5 cxd5 4. Nc3 Nf6 5. Nf3 g6 6. Bg5 Bg7 7. e3 0-0 8. Bd3 Nc6 9. Rc1 Qa5 10. 0-0 Bg4 11. Qb3 Bxf3 12. gxf3 Nb4 13. Be2 Rad8 14. a3 Nc6 15. Qxb7 Rd6 16. b4 Qxa3 17. Nb5 Qb2 18. Nxd6 Qxe2 19. Kg2 exd6 20. Qxc6 Nh5 21. Qxd6 h6 22. Bh4 Kh7 23. Rc7 g5 24. Bg3 Nf6 25. Rxa7 h5 26. h3 g4 27. hxg4 hxg4 28. Qf4 Kg8 29. fxg4 Ne4 30. Qf5 Nf6 31. Rh1 1-0

[Event "ESP-chT fin"]
[Site "Sanxenxo"]
[Date "2003.11.18"]
[Round "2"]
[White "Anglada Lobarte, Jose Andres"]
[Black "Gonzalez Lopez, Antoni"]
[Result "1/2-1/2"]
[WhiteElo "2209"]
[BlackElo "2152"]
[PlyCount "115"]
[EventDate "2003.11.17"]
[EventType "team"]
[EventRounds "6"]
[EventCountry "ESP"]
[SourceTitle "CBM 097 Extra"]
[Source "ChessBase"]
[SourceDate "2004.01.13"]
[SourceVersion "1"]
[SourceVersionDate "2004.01.13"]
[SourceQuality "1"]

1. e4 e5 2. Nf3 Nc6 3. d4 exd4 4. Nxd4 d6 5. g3 Nf6 6. Bg2 Bd7 7. 0-0 Be7 8. c4 0-0 9. Nc3 Re8 10. b3 Bf8 11. Bb2 a6 12. Re1 Rb8 13. Nd5 Nxd5 14. cxd5 Nxd4 15. Qxd4 c5 16. dxc6 bxc6 17. Rad1 Qa5 18. Ra1 Be6 19. Bc3 Qa3 20. Qd2 Red8 21. Bb2 Qb4 22. Bc3 Qa3 23. Bb2 Qb4 24. Bc3 Qa3 25. Bf1 d5 26. Bb2 Qe7 27. Bxa6 dxe4 28. Qe3 Bd5 29. Bf1 Qb4 30. Bc3 Qa3 31. Bg2 Bb4 32. Re2 Bxc3 33. Qxc3 Qb4 34. Qc2 f5 35. Rc1 Ra8 36. Qc5 Qxc5 37. Rxc5 g6 38. Rd2 Kf7 39. Bf1 Ke6 40. Rdc2 Ra7 41. Rd2 Rb8 42. h4 h6 43. Be2 Kd6 44. Rc1 g5 45. hxg5 hxg5 46. Bc4 Ra5 47. Kf1 Ke5 48. Ke2 Rba8 49. b4 Bxc4+ 50. Rxc4 Rd5 51. Rxc6 Rxd2+ 52. Kxd2 Rxa2+ 53. Ke1 f4 54. Rc5+ Kd4 55. Rxg5 f3 56. Rg8 Ra1+ 57. Kd2 Ra2+ 58. Ke1 1/2-1/2

[Event "Benidorm op U2300 02nd"]
[Site "Benidorm"]
[Date "2002.??.??"]
[Round "6.6"]
[White "Ferron Garcia, Carlos"]
[Black "Anglada Lobarte, Jose Andres"]
[Result "1-0"]
[WhiteElo "2283"]
[BlackElo "2231"]
[PlyCount "67"]
[EventDate "2002.11.22"]
[EventType "swiss"]
[EventRounds "9"]
[EventCountry "ESP"]
[SourceTitle "CBM 091 Extra"]
[Source "ChessBase"]
[SourceDate "2003.01.09"]
[SourceVersion "1"]
[SourceVersionDate "2003.01.09"]
[SourceQuality "1"]

1. e4 c6 2. d4 g6 3. Nc3 Bg7 4. Be3 d6 5. Nge2 b5 6. Qd2 Nd7 7. f3 Nb6 8. Ng3 Nc4 9. Bxc4 bxc4 10. 0-0 d5 11. Rae1 h5 12. h3 h4 13. Nh1 Qa5 14. Nf2 Rb8 15. Rb1 Rh5 16. Ng4 dxe4 17. fxe4 Bxg4 18. hxg4 Rh7 19. Qe2 Qa6 20. Qf3 Bf8 21. e5 e6 22. Ne4 Be7 23. a3 Qa4 24. c3 Qc2 25. Nd6+ Kd7 26. Nxc4 Nh6 27. Na5 Rc8 28. Rfc1 Qa4 29. b4 Qxa3 30. Ra1 Qb2 31. Bxh6 Rxh6 32. Qd1 Bg5 33. Rc2 Be3+ 34. Kh2 1-0

[Event "ESP-chT2"]
[Site "Vila Real"]
[Date "2001.??.??"]
[Round "5"]
[White "Anglada Lobarte, Jose Andres"]
[Black "Garcia Caballero, Luis"]
[Result "1-0"]
[WhiteElo "2222"]
[BlackElo "2193"]
[PlyCount "79"]
[EventDate "2001.08.13"]
[EventType "team"]
[EventRounds "7"]
[EventCountry "ESP"]
[SourceTitle "EXT 2003"]
[Source "ChessBase"]
[SourceDate "2002.11.25"]
[SourceVersion "1"]
[SourceVersionDate "2002.11.25"]
[SourceQuality "1"]

1. e4 e5 2. Nf3 Nf6 3. Nc3 Bb4 4. Bc4 Nc6 5. 0-0 0-0 6. d3 Bxc3 7. bxc3 d5 8. exd5 Nxd5 9. Ba3 Re8 10. Bxd5 Qxd5 11. Nd2 Bf5 12. c4 Qa5 13. Bb2 Rad8 14. Nb3 Qb4 15. Qe1 e4 16. c3 Qe7 17. d4 Bg6 18. Qe3 f5 19. Bc1 b6 20. Qg3 Rd7 21. Bg5 Qf7 22. c5 Nd8 23. Bf4 Ne6 24. cxb6 Nxf4 25. Qxf4 axb6 26. Rac1 Ra8 27. Rc2 Qc4 28. h4 Rf8 29. Rfc1 Bh5 30. Nd2 Qa6 31. Nf1 Be2 32. Ne3 Bd3 33. Rb2 Qa3 34. Nd1 Be2 35. Rxe2 c5 36. Rec2 cxd4 37. cxd4 Rxd4 38. Ne3 Ra4 39. Rc8 Ra5 40. Rxf8+ 1-0

[Event "Zaragoza op"]
[Site "Zaragoza"]
[Date "2001.??.??"]
[Round "6"]
[White "Anglada Lobarte, Jose Andres"]
[Black "Navarro Alonso, Jorge Luis"]
[Result "1/2-1/2"]
[WhiteElo "2205"]
[BlackElo "2122"]
[PlyCount "32"]
[EventDate "2001.??.??"]
[EventType "swiss"]
[EventRounds "9"]
[EventCountry "ESP"]
[SourceTitle "EXT 2002"]
[Source "ChessBase"]
[SourceDate "2001.11.25"]
[SourceVersion "1"]
[SourceVersionDate "2001.11.25"]
[SourceQuality "1"]

1. e4 c5 2. f4 e6 3. Nf3 d5 4. Bb5+ Bd7 5. Bxd7+ Nxd7 6. exd5 exd5 7. 0-0 Be7 8. Qe2 Nh6 9. Re1 Rc8 10. d4 Rc6 11. Qb5 Rb6 12. Qa4 0-0 13. c3 cxd4 14. Nxd4 Bc5 15. Nd2 Nf5 16. N2f3 Rh6 1/2-1/2

[Event "Aragon-chT"]
[Site "Zaragoza"]
[Date "1999.11.28"]
[Round "1"]
[White "Jimenez, Antonio"]
[Black "Anglada Lobarte, Jose Andres"]
[Result "0-1"]
[WhiteElo "2129"]
[BlackElo "2209"]
[PlyCount "67"]
[EventDate "1999.11.??"]
[EventType "team"]
[EventRounds "9"]
[EventCountry "ESP"]
[SourceTitle "CBM 073 Extra"]
[Source "ChessBase"]
[SourceDate "2000.01.11"]
[SourceVersion "1"]
[SourceVersionDate "2000.01.11"]
[SourceQuality "1"]

1. e4 c6 2. d4 g6 3. Be3 Bg7 4. Nc3 d6 5. Qd2 Nd7 6. h4 h5 7. Nh3 Ngf6 8. f3 b5 9. 0-0-0 Nb6 10. Be2 Nc4 11. Bxc4 bxc4 12. Ne2 Rb8 13. Nf2 Nd7 14. Rdg1 Qb6 15. Nd1 c5 16. g4 cxd4 17. Bxd4 Bxd4 18. Qxd4 Ne5 19. Qxb6 Rxb6 20. gxh5 Rxh5 21. Rg3 Bb7 22. Nf4 Rh8 23. Rhh3 Bc8 24. Rh1 Ra6 25. Nc3 Bb7 26. h5 gxh5 27. Nxh5 Kf8 28. f4 Ng6 29. Rhh3 Ra5 30. f5 e6 31. Rg5 Ne7 32. b4 cxb3 33. axb3 exf5 34. Rd3 0-1

[Event "Ibercaja op-B"]
[Site "Zaragoza"]
[Date "1996.??.??"]
[Round "?"]
[White "Anglada Lobarte, Jose Andres"]
[Black "Estrada Nieto, Julian"]
[Result "1-0"]
[WhiteElo "2190"]
[BlackElo "2345"]
[PlyCount "68"]
[EventDate "1996.04.??"]
[EventType "swiss"]
[EventRounds "9"]
[EventCountry "ESP"]
[SourceTitle "EXT 1997"]
[Source "ChessBase"]
[SourceDate "1996.11.15"]
[SourceVersion "1"]
[SourceVersionDate "1996.11.15"]
[SourceQuality "1"]

1. e4 c5 2. f4 Nc6 3. Nf3 g6 4. d3 Bg7 5. g3 e6 6. Bg2 Nge7 7. 0-0 d6 8. c3 0-0 9. a4 Rb8 10. Na3 a6 11. g4 f5 12. h3 b5 13. gxf5 gxf5 14. Kh1 b4 15. cxb4 Nxb4 16. Nc4 Ng6 17. Ng5 h6 18. Qh5 Ne7 19. Rg1 hxg5 20. Bf3 g4 21. hxg4 fxg4 22. Qxg4 Rf7 23. Be3 Nc2 24. Raf1 Nxe3 25. Nxe3 Qf8 26. Qh5 Rf6 27. Ng4 Qf7 28. Nxf6+ Qxf6 29. Qe8+ Kh7 30. Rf2 Ng8 31. Rh2+ Nh6 32. e5 Qf5 33. Qe7 Qf8 34. Rxh6+ Kg8 1-0

[Event "Benasque op 16th"]
[Site "Benasque"]
[Date "1996.??.??"]
[Round "2"]
[White "Anglada Lobarte, Jose Andres"]
[Black "Psakhis, Lev"]
[Result "0-1"]
[WhiteElo "2215"]
[BlackElo "2590"]
[PlyCount "74"]
[EventDate "1996.07.??"]
[EventType "swiss"]
[EventRounds "9"]
[EventCountry "ESP"]
[SourceTitle "CBM 053 Extra"]
[Source "ChessBase"]
[SourceDate "1996.09.01"]
[SourceVersion "1"]
[SourceVersionDate "1996.09.01"]
[SourceQuality "1"]

1. e4 e6 2. d4 d5 3. e5 c5 4. c3 Nc6 5. Nf3 Bd7 6. a3 c4 7. h4 Na5 8. Nbd2 Bc6 9. g3 Qd7 10. Bh3 Ba4 11. Qe2 Bc2 12. Qe3 h6 13. 0-0 Ne7 14. Ne1 Bh7 15. f4 h5 16. Nef3 Nf5 17. Qf2 Nh6 18. Ng5 Bd3 19. Re1 Ng4 20. Qf3 Bf5 21. Bf1 0-0-0 22. Nh3 f6 23. Qd1 g5 24. hxg5 fxe5 25. fxe5 h4 26. gxh4 Qh7 27. Nf3 Nb3 28. Bf4 Nxa1 29. Qxa1 Be4 30. Nd2 Bf5 31. Bg3 Be7 32. Qd1 Rdg8 33. Qf3 Nh6 34. Bg2 Bg4 35. Qe3 Nf5 36. Qf4 Bxh3 37. Bxh3 Bxg5 0-1

[Event "Benasque op 16th"]
[Site "Benasque"]
[Date "1996.??.??"]
[Round "5"]
[White "Fernandes, Antonio ETG"]
[Black "Anglada Lobarte, Jose Andres"]
[Result "1-0"]
[WhiteElo "2410"]
[BlackElo "2215"]
[PlyCount "31"]
[EventDate "1996.07.??"]
[EventType "swiss"]
[EventRounds "9"]
[EventCountry "ESP"]
[SourceTitle "CBM 053 Extra"]
[Source "ChessBase"]
[SourceDate "1996.09.01"]
[SourceVersion "1"]
[SourceVersionDate "1996.09.01"]
[SourceQuality "1"]

1. e4 c6 2. d4 d5 3. f3 g6 4. Nc3 Bg7 5. Be3 dxe4 6. fxe4 Nf6 7. Nf3 0-0 8. h3 b5 9. a3 a6 10. Bd3 Qc7 11. Qd2 Ne8 12. 0-0 f6 13. e5 Be6 14. Bf4 Qc8 15. Rae1 Ra7 16. exf6 1-0

[Event "Ibercaja op"]
[Site "Zaragoza"]
[Date "1993.??.??"]
[Round "?"]
[White "Anglada Lobarte, Jose Andres"]
[Black "Strikovic, Aleksa"]
[Result "1/2-1/2"]
[WhiteElo "2190"]
[BlackElo "2465"]
[PlyCount "100"]
[EventDate "1993.04.??"]
[EventType "swiss"]
[EventRounds "9"]
[EventCountry "ESP"]
[SourceTitle "EXT 1997"]
[Source "ChessBase"]
[SourceDate "1996.11.15"]
[SourceVersion "1"]
[SourceVersionDate "1996.11.15"]
[SourceQuality "1"]

1. e4 c5 2. Nc3 Nc6 3. f4 g6 4. Nf3 Bg7 5. Bc4 e6 6. 0-0 Nge7 7. Qe1 0-0 8. e5 d5 9. exd6 Nf5 10. Ne4 Nxd6 11. Nxd6 Qxd6 12. d3 Bd7 13. Ng5 h6 14. Ne4 Qe7 15. Be3 b6 16. c3 Na5 17. Qf2 Nxc4 18. dxc4 Rfd8 19. Rad1 Bc6 20. Nd2 Qb7 21. Nf3 Be4 22. Rd2 Qa6 23. Ne5 f6 24. Rxd8+ Rxd8 25. Qh4 Qxa2 26. Bc1 Qb3 27. Ng4 Qc2 28. Ne3 Qd3 29. Rd1 Qxd1+ 30. Nxd1 Rxd1+ 31. Kf2 Rxc1 32. Ke3 f5 33. Qe7 Rc2 34. g4 Rxb2 35. h4 Rb3 36. h5 Rxc3+ 37. Kd2 Rd3+ 38. Ke2 gxh5 39. Qxe6+ Kh8 40. gxf5 Bxf5 41. Qxf5 Rd8 42. Qxh5 Rf8 43. Ke3 a5 44. Qg6 Rf6 45. Qe8+ Kh7 46. Qe4+ Rg6 47. f5 Rf6 48. Kf4 Rf8 49. Qc6 Rf6 50. Qe8 Rd6 1/2-1/2